Statistics for Four Letter Body Parts

Click here to take the quiz!

General Stats

  • This quiz has been taken 1,899 times
    (1,874 since last reset)
  • The average score is 12 of 23

Answer Stats

HintAnswer% Correct
nose
89%
foot
88%
hand
83%
hair
82%
head
82%
knee
82%
neck
77%
nail
68%
lung
63%
back
62%
chin
58%
skin
56%
bone
54%
heel
44%
shin
44%
calf
42%
palm
40%
vein
38%
face
37%
anus
22%
ulna
16%
node
6%
pons
4%

Score Distribution

Percentile by Number Answered

Percent of People with Each Score

Your Score History

You have not taken this quiz since the last reset